Control de qualitat dels centres assistencials : informe d'un comité d'experts / Generalitat de Catalunya, Direcció General d'Assistència Sanitària informe d'un comité d'experts / Generalitat de Catalunya, Direcció General d'Assistència Sanitària
Publicado:
Barcelona :
Secretaria General Tècnica del Departament de Sanitat i Seguretat Social ,
1982
Descripción Física:
47 p. ; 21 cm
Materias:
Hospitals -- Catalunya
MARC
| LEADER | 00000nam a2200000Ia 4500 | ||
|---|---|---|---|
| 001 | 1403 | ||
| 008 | 160829s1982 xx 000 0 cat d | ||
| 080 | |a FU-4-32 | ||
| 110 | 1 | |a Catalunya. |b Direcció General d'Assistència Sanitària |9 54116 | |
| 245 | |a Control de qualitat dels centres assistencials : |b informe d'un comité d'experts / Generalitat de Catalunya, Direcció General d'Assistència Sanitària | ||
| 260 | |a Barcelona : |b Secretaria General Tècnica del Departament de Sanitat i Seguretat Social, |c 1982 | ||
| 300 | |a 47 p. ; |c 21 cm | ||
| 490 | |a Informes i dictàmens d'Assistència Sanitària ; 2 | ||
| 650 | |a Hospitals |x Catalunya |9 34089 | ||
| 710 | 1 | |a Catalunya. |b Departament de Sanitat i Seguretat Social |9 56409 | |
| 901 | |a Arxiu | ||
| 942 | |n 1 | ||
| 952 | |0 0 |1 0 |4 0 |6 FU432 |7 1 |9 42582 |a Arxiu |b Arxiu |d 2016-12-01 |l 0 |o FU-4-32 |p 1403 |r 2016-12-01 00:00:00 |w 2016-12-01 |y ARXIU | ||
| 999 | |c 45087 |d 45087 | ||